| 000 | 01176nam a2200277 a 4500 | ||
|---|---|---|---|
| 001 | 000017890 | ||
| 005 | 20260305073950.0 | ||
| 008 | 100407s1997 dr 001 0 spa d | ||
| 040 |
_aDO-SdBNP _bspa _cBNPHU |
||
| 082 |
_a972.9304 _bH695p, 1997 |
||
| 100 | 1 |
_aHoetink, H., _d1931- _937205 |
|
| 245 | 1 | 3 |
_aEl pueblo dominicano : _b1850-1900 ; apuntes para su sociología histórica / _cH. Hoetink ; prólogo Frank Moya Pons. |
| 250 | _a4a ed. | ||
| 260 |
_aSanto Domingo : _bEdiciones Libreria la Trinitaria, _c1997. |
||
| 300 |
_a362 p. ; _c24 cm. |
||
| 500 | _aIncluye índice de nombres | ||
| 500 | _aIncluye datos biográficos del autor en las solapas | ||
| 500 | _aIncluye referencias bibliográficas y notas al pie de las páginas. | ||
| 504 | _aBibliografía: p. 345-350 | ||
| 590 | _aInventariado, 2020/YL | ||
| 651 | 4 |
_aRepública Dominicana _xCondiciones Sociales _xHistoria _y1850-1900 _938824 |
|
| 651 | 4 |
_aRepública Dominicana _xCondiciones Económicas _xHistoria _y1850-1900 _938825 |
|
| 650 | 4 |
_aRepública dominicana _xPoblación _xHistoria _y1850-1900 _938826 |
|
| 700 | 1 | 2 |
_aMoya Pons, Frank, _d1944- _epról. _92095 |
| 910 | _aValidado. Control de calidad MFF | ||
| 999 |
_c17414 _d17414 |
||